Vật liệu từ cấu trúc nanô và điện tử học spin /
Đã lưu trong:
| 主要作者: | |
|---|---|
| 格式: | Sách giấy |
| 語言: | Vietnamese |
| 出版: |
H. :
Đại học Quốc gia,
2008.
|
| 主題: | |
| 標簽: |
添加標簽
沒有標簽, 成為第一個標記此記錄!
|
| Thư viện lưu trữ: | Thư viện Trường Đại học Đà Lạt |
|---|
| LEADER | 00842nam a2200313 4500 | ||
|---|---|---|---|
| 001 | DLU110129103 | ||
| 005 | ##20111214 | ||
| 040 | # | # | |a DLU |b vie |
| 041 | # | # | |a vie |
| 044 | # | # | |a vn |
| 082 | # | # | |a 621.381 |b NG-D |
| 100 | # | # | |a Nguyễn Hữu Đức. |
| 245 | # | # | |a Vật liệu từ cấu trúc nanô và điện tử học spin / |c Nguyễn Hữu Đức. |
| 260 | # | # | |a H. : |b Đại học Quốc gia, |c 2008. |
| 300 | # | # | |a 298 tr. : |b minh hoạ ; |c 24 cm. |
| 504 | # | # | |a Tài liệu tham khảo: tr.297. |
| 650 | # | # | |a Điện tử học Spin. |
| 650 | # | # | |a Vật liệu cấu trúc nano |x Từ tính. |
| 923 | # | # | |a 22/2011 |
| 991 | # | # | |a GT |
| 992 | # | # | |a 38000 |
| 994 | # | # | |a DLU |
| 900 | # | # | |a True |
| 911 | # | # | |a Đào Thị Thu Huyền |
| 925 | # | # | |a G |
| 926 | # | # | |a A |
| 927 | # | # | |a SH |
| 980 | # | # | |a Thư viện Trường Đại học Đà Lạt |